Pemaparan nilai kasih sayang dan patriotisme dalam karya epik Seevaga Chinthamani dan kerelevanannya dalam subjek Pendidikan Moral di Malaysia /
Saved in:
| 主要作者: | |
|---|---|
| 格式: | Thesis 圖書 |
| 語言: | Malay |
| 出版: |
2019.
|
| 主題: | |
| 標簽: |
添加標簽
沒有標簽, 成為第一個標記此記錄!
|
| LEADER | 01348cam a2200313 i 4500 | ||
|---|---|---|---|
| 001 | u1127703 | ||
| 003 | SIRSI | ||
| 005 | 201912021557 | ||
| 008 | 191202s2019 my a m 000 0 may | ||
| 040 | |a UMM |e rda | ||
| 043 | |a a-my--- | ||
| 090 | |a DS404 |b UM 2019 Ind | ||
| 100 | 0 | |a Indra Ramiah, |e author. | |
| 245 | 1 | 0 | |a Pemaparan nilai kasih sayang dan patriotisme dalam karya epik Seevaga Chinthamani dan kerelevanannya dalam subjek Pendidikan Moral di Malaysia / |c Indra a/p Ramiah. |
| 264 | 1 | |c 2019. | |
| 300 | |a xi, 231 leaves : |b illustrations ; |c 30 cm | ||
| 336 | |a text |2 rdacontent | ||
| 337 | |a unmediated |2 rdamedia | ||
| 338 | |a volume |2 rdacarrier | ||
| 502 | |b M.A. |c Jabatan Pengajian India, Fakulti Sastera dan Sains Sosial, Universiti Malaya |d 2019. | ||
| 504 | |a Bibliography: leaves 224-231. | ||
| 650 | 0 | |a Moral education |z Malaysia. | |
| 650 | 0 | |a Religion and literature |z Malaysia. | |
| 650 | 0 | |a Epic literature, Tamil |z Malaysia |x History and criticism. | |
| 650 | 0 | |a Tamil literature |z Malaysia |x History and criticism. | |
| 710 | 2 | |a Universiti Malaya. |b Jabatan Pengajian India, |e degree granting institution. | |
| 900 | |a NNANS NSM | ||
| 596 | |a 1 | ||
| 999 | |a DS404 UM 2019 IND |w LC |c 1 |i A517481027 |d 7/2/2020 |e 7/2/2020 |f 9/12/2019 |g 1 |l STACKS |m P01UTAMA |n 2 |r Y |s Y |t TESIS |u 2/12/2019 |1 AHSS |o .STAFF. Surat agreement & Cd tidak disertakan (FSSS). | ||
